000
00322nam a2200121Ia 4500
008
240126s9999 xx 000 0 und d
041
_a
English
245
0
_a
Management Review (2000 Dec. -
260
_b
Indian Institute of Management, B.lore
_a
Bangalore
440
_a
I
520
_a
Subs.No : 20051201363
942
_c
JN
999
_c
253498
_d
253498